| 000 | 00831nam a22002177a 4500 | ||
|---|---|---|---|
| 003 | UA-OsUOA | ||
| 001 | 68904 | ||
| 007 | ta | ||
| 008 | 20100525b un ||||| |||| 00| 0 ukr d | ||
| 090 |
_a343.13(082) _bР24 |
||
| 942 | _cBK | ||
| 040 |
_aUA-OsUOA _brus _cUA-OsUOA _dUA-OsUOA |
||
| 245 |
_aРасследование и противодействие ему в состязательном уголовном судопроизводстве: процессуальные и криминалистические вопросы _cКустов А. М., Колесников И. И., Цховребова И. А. |
||
| 300 | _a460 с. | ||
| 955 | _a2 | ||
| 041 | _arus | ||
| 080 | _a343.13(082) | ||
| 260 |
_aМ. _c2007 |
||
| 650 | 7 |
_a343 Кримінальне право. Карні порушення _2UDC |
|
| 999 |
_c355191 _d355191 |
||